Le 66 : (Record no. 170188)

MARC details
000 -LEADER
campo de control de longitud fija 00729nam a22002175i 4500
001 - NÚMERO DE CONTROL
campo de control 170188
003 - IDENTIFICADOR DE NÚMERO DE CONTROL
campo de control ES-MaACL
005 - FECHA Y HORA DE LA ÚLTIMA TRANSACCIÓN
campo de control 20250807122906.0
008 - DATOS DE LONGITUD FIJA--INFORMACIÓN GENERAL
campo de control de longitud fija 090210q1881 fr 000 d fre d
080 ## - NÚMERO DE LA CLASIFICACIÓN DECIMAL UNIVERSAL
Número de la Clasificación Decimal Universal 78.089.1
100 1# - ENTRADA PRINCIPAL--NOMBRE DE PERSONA
Nombre de persona Forges, Ph. Pittaud de.
9 (RLIN) 139406
245 13 - MENCIÓN DEL TÍTULO
Título Le 66 :
Resto del título opéra-comique en un acte /
Mención de responsabilidad, etc. de Forges et Laurencin ; musique de J. Offenbach.
250 ## - MENCION DE EDICION
Mención de edición Nouvelle éd.
260 ## - PUBLICACIÓN, DISTRIBUCIÓN, ETC.
Lugar de publicación, distribución, etc. Paris :
Nombre del editor, distribuidor, etc. Calmann Lévy,
Fecha de publicación, distribución, etc. [ca. 1881]
300 ## - DESCRIPCIÓN FÍSICA
Extensión 24 cm ;
Dimensiones 19 cm.
650 #4 - PUNTO DE ACCESO ADICIONAL DE MATERIA--TÉRMINO DE MATERIA
Término de materia o nombre geográfico como elemento de entrada Operetas-
Subdivisión de forma Libretos.
9 (RLIN) 139352
700 1# - ENTRADA AGREGADA--NOMBRE PERSONAL
Nombre de persona Offenbach, Jacques.
9 (RLIN) 86559
700 1# - ENTRADA AGREGADA--NOMBRE PERSONAL
Nombre de persona Laurencin,
Títulos y otros términos asociados al nombre Monsieur,
Fechas asociadas al nombre 1808-1890
9 (RLIN) 149487
852 4# - LOCALIZACIÓN
Ubicación ES-MaACL
Número de control de estantería 2247-F-8
Nota libre - Biblioteca Jacinto Martínez Lacalle
Holdings
Estatus retirado Estado de pérdida Estado de daño No para préstamo Colección Biblioteca de origen Biblioteca actual Ubicación en estantería Fecha de adquisición Fuente de adquisición Total de préstamos Signatura topográfica completa Código de barras Visto por última vez Precio de reemplazo Tipo de ítem Koha
        Colección de folletos Biblioteca del Ateneo de Madrid Biblioteca del Ateneo de Madrid Depósito folletos 10/02/2009     2247-F-8 1178673 23/02/2023 23/02/2023 Folleto